| 000 | 00706nam a22002297a 4500 | ||
|---|---|---|---|
| 003 | UA-OsUOA | ||
| 001 | 24815 | ||
| 007 | ta | ||
| 008 | 20040302b un ||||| |||| 00| 0 ukr d | ||
| 090 |
_a342.565.2(477) _bК65 |
||
| 942 | _cBK | ||
| 040 |
_aUA-OsUOA _bukr _cUA-OsUOA _dUA-OsUOA |
||
| 245 |
_aКонституційний Суд України _bправові засади, рішення, висновки та ухвали _cЗа заг. ред. І.А.Тимченка |
||
| 955 | _a0 | ||
| 041 | _aukr | ||
| 080 | _a342.565.2(477) | ||
| 020 | _a966-7183-81-5 | ||
| 260 |
_aКиїв _bВидавничий Дім "Ін Юре" _c1999 |
||
| 044 | _aUA | ||
| 650 | 7 | _2UDC | |
| 999 |
_c311099 _d311099 |
||